Top 5 European Leagues Top Clean Sheets: 2005/06 - Statistics

General Stats
  • This quiz has been taken 6 times
  • The average score is 8 of 28
Answer Stats
League Clean Sheets Club Nationality Player % Correct
La Liga 15 Real Madrid Spain Iker Casillas
83%
Bundesliga 12 Bayern Munich Germany Oliver Kahn
83%
Premier League 20 Liverpool Spain Pepe Reina
83%
Premier League 18 Chelsea Czechia Petr Cech
83%
Serie A 14 Milan Brazil Dida
67%
Premier League 19 Manchester United Netherlands Edwin van der Sar
67%
Premier League 16 Arsenal Germany Jens Lehmann
67%
La Liga 16 Barcelona Spain Victor Valdes
67%
La Liga 16 Valencia Spain Santiago Canizares
50%
Bundesliga 11 Stuttgart Germany Timo Hildebrand
50%
Premier League 16 Blackburn USA Brad Friedel
33%
Bundesliga 12 Schalke Germany Frank Rost
33%
Ligue 1 17 Lyon France Gregory Coupet
17%
Serie A 16 Inter Brazil Julio Caesar
17%
La Liga 16 Sevilla Spain Andres Palop
0%
Serie A 10 Juventus Italy Christian Abbiati
0%
Bundesliga 9 Hertha Berlin Germany Christian Fiedler
0%
Serie A 11 Roma Brazil Doni
0%
Ligue 1 16 Auxerre France Fabien Cool
0%
Ligue 1 16 Nancy France Gennaro Bracigliano
0%
Ligue 1 16 Saint-Etienne France Jeremie Janot
0%
Ligue 1 18 Le Mans France John Pele
0%
La Liga 14 Celta Vigo Spain Jose Manuel Pinto
0%
Serie A 16 Livorno Italy Marco Amelia
0%
Bundesliga 10 Arminia Bielefeld Germany Mathias Hain
0%
Ligue 1 16 Nantes France Mickael Landreau
0%
Ligue 1 17 Lille Senegal Tony Sylva
0%
Ligue 1 20 Bordeuax France Ulrich Rame
0%
No matching quizzes found
Score Distribution
Percent of People with Each Score
Percentile by Number Answered
Your Score History
You have not taken this quiz